01069cam a2200277 a 4500001001000000003000900010005001700019008004100036035001900077040003000096049000900126082002400135100004000159245010800199250001200307260005100319300002800370504003300398600006100431650005400492651005500546910003400601942001400635952012700649999001500776000006613DO-SdBNP20251029091110.0890518s1978 ve a s000 0bspa  a(DLC) 84100512 aDO-SdBNPcDLCdDLCdBNPHU aBNGR a928.87bH519t, 19781 aHenríquez Vera, Rigoberto,91835010aTejera el desterrado :bun Quijote con dos patrias, Venezuela y México /cRigoberto Henríquez Vera. a2a. ed. aCaracas :bOficial del Estado Mérida,c1978. a392 p. :bil. ;c23 cm. aBibliografías: p. 379-383.10aTejeda, Humberto, d1890-1971xExilio zMéxico 918351 4aAutores venezolanosvSiglo XX916628yBiografía 7aVenezuela xPolítica y gobiernoySiglo XX926230 aCatalogación por copia / LC 2ddccLBS1 001052708MOaGRbGRcCTd2009-09-01iLF1l0o928.87 H519t, 1978p6613-10r2020-06-25w2020-06-25y2ZPréstamo interno c6403d6403